Dictionnaire des oeuvres. [Vol.] 2

Bibliographic Details
Main Authors: Laffont, Robert (Author), Bompiani, Valentino (Author)
Format: Book
Language:French
PhysicalDescription:XII, 882 s. 20 cm
Published: Paris Robert Laffont 1983
ISBN:2221501160
Series:Bouquins

MARC

LEADER 00000cam a2200000 a 4500
001 vtls001180134
003 SK-MaSNL
005 20260301002632.0
008 250414s1983 fr 0 fre
020 |a 2221501160 
035 |a SNK000123136 
040 |a SNK  |b slo  |c SNK  |e AACR2 
041 0 |a fre 
044 |a fr  |c FR 
080 |a 03:82(100)=20  |2 1981 
080 |a 82(100)=20  |2 1981 
080 |a 82(100)(03)=20  |2 1981 
100 1 |a Laffont, Robert  |4 aut  |9 282781 
245 1 0 |a Dictionnaire des oeuvres. [Vol.] 2  |c Robert Laffont, Valentino Bompiani 
260 |a Paris  |b Robert Laffont  |c 1983 
300 |a XII, 882 s.  |c 20 cm 
490 0 |a Bouquins 
700 1 |a Bompiani, Valentino  |4 aut  |9 282782 
852 |a Slovenská národná knižnica 
919 |a 2-221-50116-0 
954 |a literatúra svetová  |a diela literárne  |a lexikóny anglické 
954 |a lexikóny literárne anglické 
958 |a OND 
999 |c 537754  |d 539684 
952 |t P60, <04>, [BOOK], {604}  |a SNK  |b SNK  |y VYP  |7 0  |p 17A0360968  |o snkID 95634/2  |0 0  |1 0  |4 0  |d 2002-10-30  |l 0  |r 2005-01-01 00:00:00  |w 2026-02-23